000 00589cam a2200217 a 4500
001 1478773
005 20180224023541.0
008 871014s1988 nju b 001 0 eng
010 _a 87029144
020 _a0131754726
040 _aDLC
_cDLC
_dDLC
041 _aeng
080 _a658.4012
082 0 0 _a658.4012 FRE
_219
100 1 _a54
101 _aLID
245 1 0 _aCorporate strategy and the search for ethics /
_cR. Edward Freeman, Daniel R. Gilbert, Jr.
504 _aBibliography: p. 204-213.
906 _a7
_bcbc
_corignew
_d1
_eocip
_f19
_gy-gencatlg
942 _2ddc
_cBK
999 _c43337
_d43337